Aspekty rozvoja športového cestovného ruchu vo vybranej destinácii bakalárska práca

Guardado en:
Detalles Bibliográficos
Autor principal: Václav, Juraj
Autor Corporativo: Obchodná fakulta EU. Katedra cestovného ruchu
Otros Autores: Čukanová, Miroslava, 1984-
Formato: Libro
Lenguaje:eslovaco
Publicado: Bratislava 2025
Etiquetas: Agregar Etiqueta
Sin Etiquetas, Sea el primero en etiquetar este registro!

MARC

LEADER 00000nbm a2200000 4500
001 0311187
005 20251112135152.7
041 0 |a slo 
044 |a SK 
245 1 0 |a Aspekty rozvoja športového cestovného ruchu vo vybranej destinácii  |b bakalárska práca  |c Juraj Václav ; školiteľ: Miroslava Čukanová 
264 1 |a Bratislava  |c 2025 
300 |a 56 s. 
100 1 |a Václav, Juraj 
700 1 |a Čukanová, Miroslava, 1984- 
710 2 |a Obchodná fakulta EU. Katedra cestovného ruchu